000 00312nam a22001457a 4500
008 210428b ||||| |||| 00| 0 eng d
020 _a3412069914
041 _aeng
080 _a82
082 _a82
100 _a21
101 _aGJL
245 _aReisen Durch die Eigene Fremde
_cPelz,A
942 _2udc
_cBK
999 _c56899
_d56899